Dom smútku, Pezinok

Enregistré dans:
Détails bibliographiques
Auteur principal: Števaňáková, Soňa (Auteur)
Autres auteurs: Schleicher, Alexander (Directeur de thèse)
Format: Manuscrit Livre
Langue:slovaque
Publié: Bratislava 2023
Sujets:
Accès en ligne:http://is.stuba.sk/zp/portal_zp.pl?podrobnosti=155853
Tags: Ajouter un tag
Pas de tags, Soyez le premier à ajouter un tag!

MARC

LEADER 00000ntm a22000003a 4500
001 stuzp93708
003 SK-STU
005 20231004081212.3
007 ta
008 150427s2015----xo-----f-mn---000-0-slo-d
040 |a STU  |b slo 
041 0 |a slo 
100 1 |a Števaňáková, Soňa  |u 058180  |4 aut  |U FAD Fakulta architektúry a dizajnu  |T FAD Ústav architektúry občianskych budov  |X 103776  |U A8180  |Y 399  |7 103776 
242 0 1 |a Funeral Hall, Pezinok  |y eng 
245 1 0 |a Dom smútku, Pezinok 
260 |c 2023  |a Bratislava 
650 4 |a sála  |2 slo 
650 4 |a emócie  |2 slo 
650 4 |a atmosféra  |2 slo 
650 4 |a betón  |2 slo 
650 4 |a dom smútku  |2 slo 
650 4 |a cintorín  |2 slo 
650 4 |a atmosphere  |2 eng 
650 4 |a House of Mourning  |2 eng 
650 4 |a cemetery  |2 eng 
650 4 |a hall  |2 eng 
650 4 |a concrete  |2 eng 
650 4 |a emotions  |2 eng 
700 1 |a Schleicher, Alexander  |u 058180  |k Z1  |4 ths  |U FAD Fakulta architektúry a dizajnu  |T FAD Ústav architektúry občianskych budov  |X 472  |U A8180  |Y 399  |7 A000000472 
856 4 |u http://is.stuba.sk/zp/portal_zp.pl?podrobnosti=155853  |u https://opac.crzp.sk/?fn=detailBiblioForm&sid=C03CB0FBA6588971D13A25D1B6BF